| 000 | 00551nam a2200133Ia 4500 | ||
|---|---|---|---|
| 008 | 100328s9999 xx 000 0 und d | ||
| 082 | _b36673 | ||
| 100 | _aखरात शंकरराव | ||
| 245 | _aडॉ.बाबासाहेब आंबेडकरांची पत्रे | ||
| 260 | _bइंद्रायणी | ||
| 630 | _aडॉ.बाबासाहेब आंबेडकरांची पत्रे | ||
| 730 | _aडॉ.बाबासाहेब आंबेडकरांची पत्रे | ||
| 942 | _cBOOK | ||
| 999 |
_c526271 _d526268 |
||